[Event "Dresden ZMD op"]
[Site "Dresden"]
[Date "2010.07.15"]
[Round "6"]
[White "Reinisch, Joerg"]
[Black "Kuehnast, Volker"]
[Result "0-1"]
[WhiteElo "1524"]
[BlackElo "1894"]
[PlyCount "60"]
[EventDate "2010.07.10"]
[EventType "swiss"]
[EventRounds "9"]
[EventCountry "GER"]
[SourceTitle "CBM 137 Extra"]
[Source "ChessBase"]
[SourceDate "2010.09.01"]
[SourceVersion "1"]
[SourceVersionDate "2010.09.01"]
[SourceQuality "1"]

1. c4 g6 2. d4 Bg7 3. e4 d6 4. Nc3 a6 5. Nf3 Bg4 6. Be2 Nc6 7. Be3 Bxf3 8. Bxf3 e5 9. d5 Nd4 10. Bxd4 exd4 11. Ne2 c5 12. dxc6 bxc6 13. Nxd4 Qa5+ 14. Kf1 Qc5 15. Nb3 Qxc4+ 16. Kg1 Bxb2 17. Rb1 Be5 18. Rc1 Qa4 19. Qd2 Ne7 20. g3 0-0 21. Kg2 Rac8 22. Rhe1 c5 23. Bd1 Qb4 24. Qxb4 cxb4 25. Be2 Rc3 26. Bxa6 Ra8 27. Be2 Rxa2 28. Rxc3 Bxc3 29. Nc1 Bxe1 30. Nxa2 b3 0-1